[Event "Beacon Juniors op"]
[Site "Exmouth"]
[Date "2008.11.17"]
[Round "1"]
[White "Heppell, Ian"]
[Black "Blowers, Graham K"]
[Result "1/2-1/2"]
[WhiteElo "2169"]
[BlackElo "1696"]
[PlyCount "58"]
[EventDate "2008.11.17"]
[EventType "swiss"]
[EventRounds "5"]
[EventCountry "ENG"]
[SourceTitle "EXT 2011"]
[Source "ChessBase"]
[SourceDate "2010.11.26"]
[SourceVersion "1"]
[SourceVersionDate "2010.11.26"]
[SourceQuality "1"]

1. e4 g6 2. d4 Bg7 3. Nc3 d6 4. Bc4 e6 5. Be3 a6 6. a4 b6 7. Nge2 Bb7 8. 0-0 Ne7 9. Qd2 Nd7 10. Bh6 0-0 11. Bxg7 Kxg7 12. f4 d5 13. exd5 Nxd5 14. Bxd5 Bxd5 15. Nxd5 exd5 16. f5 Qe7 17. Rae1 Rae8 18. Ng3 Qd6 19. Qg5 h6 20. Qd2 Nf6 21. c3 Rxe1 22. Rxe1 Re8 23. Rxe8 Nxe8 24. Qe2 Nf6 25. fxg6 fxg6 26. Qxa6 Qf4 27. Qe2 Qc1+ 28. Kf2 Qf4+ 29. Kg1 Qc1+ 1/2-1/2